Central Library OPAC University of Rajshahi

Appian's Roman history / (Record no. 24709)

MARC details
000 -LEADER
fixed length control field 00976cam a22003012 4500
001 - CONTROL NUMBER
control field 24709
003 - CONTROL NUMBER IDENTIFIER
rucl marc code BD-RjUL
005 - DATE AND TIME OF LATEST TRANSACTION
control field 20211209001104.0
008 - FIXED-LENGTH DATA ELEMENTS--GENERAL INFORMATION
fixed length control field 140315m19121913enk 000 0 eng
035 ## - SYSTEM CONTROL NUMBER
System control number (BD-RjUL)24778
040 ## - CATALOGING SOURCE
Original cataloging agency DLC
Transcribing agency CarP
Modifying agency DLC
Language of cataloging eng
041 ## - LANGUAGE CODE
Language code of text/sound track or separate title eng
051 ## - LIBRARY OF CONGRESS COPY, ISSUE, OFFPRINT STATEMENT
Classification number PA3873
Item number .A2 1912
Copy information Copy 2.
082 ## - DEWEY DECIMAL CLASSIFICATION NUMBER
Classification number 937
Author mark and year APA 1913
100 0# - MAIN ENTRY--PERSONAL NAME
Personal name Appianus,
9 (RLIN) 76053
245 00 - TITLE STATEMENT
Title Appian's Roman history /
Statement of responsibility, etc. with an English translation, by Horace White ...
Number of part/section of a work V-1
260 ## - PUBLICATION, DISTRIBUTION, ETC. (IMPRINT)
Place of publication, distribution, etc. London :
Name of publisher, distributor, etc. W. Heinemann;
Place of publication, distribution, etc. New York :
Name of publisher, distributor, etc. The Macmillan co.,
Date of publication, distribution, etc. 1912-13.
300 ## - PHYSICAL DESCRIPTION
Pagination 947 P. ;
Size 17 cm.
490 0# - SERIES STATEMENT
Series statement The Loeb classical library
651 #0 - SUBJECT ADDED ENTRY--GEOGRAPHIC NAME
Geographic name Rome
General subdivision History, Military.
9 (RLIN) 76054
700 1# - ADDED ENTRY--PERSONAL NAME
Personal name White, Horace,
Dates associated with a name 1834-1916,
Relator term tr.
Personal name Denniston, J. D.
Fuller form of name (John Dewar),
Dates associated with a name 1887-1949,
Relator term ed.
Personal name Robson, E. Iliff,
Relator term ed.
942 ## - ADDED ENTRY ELEMENTS (KOHA)
Source of classification or shelving scheme Dewey Decimal Classification
Koha item type Books
Holdings
Lost status Source of classification or shelving scheme Damaged status Not for loan Collection code Permanent Location Current Location Shelving location Date acquired Source of acquisition Cost, normal purchase price Total Checkouts Full call number Date last seen Copy number Koha item type
  Dewey Decimal Classification   Added to bundle Non-fiction Central Library, University of Rajshahi Central Library, University of Rajshahi Reading Room 09/03/1955 simpkin marshall 15.00   937 APA V-1 1913 15/03/2014 C-1 Books